Flora of Espírito Santo: Commelinaceae (Registro n. 339026)
[ somente texto ]
| 000 -LÍDER | |
|---|---|
| fixed length control field | 03907nab a2200277 i 4500 |
| 003 - CÓDIGO MARC DA AGÊNCIA CATALOGADORA | |
| Campo de controle | BR-BrBNA |
| 005 - DATA E HORA DA ÚLTIMA ATUALIZAÇÃO | |
| Campo de controle | 20251111151548.0 |
| 008 - CAMPO DE TAMANHO FIXO | |
| fixed length control field | 251111b2022 bl.ar|pooa||| 00| 0 por | |
| 040 ## - FONTE DA CATALOGAÇÃO | |
| Agência catalogadora | BR-BrBNA |
| Idioma da catalogação | eng |
| 072 ## - CATEGORIA AGRIS | |
| Código AGRIS | F70 |
| 100 ## - ENTRADA PRINCIPAL - NOME PESSOAL | |
| Nome pessoal | Moraes, Quélita dos Santos |
| 100 ## - ENTRADA PRINCIPAL - NOME PESSOAL | |
| Nome pessoal | Pellegrini, Marco Octávio de Oliveira |
| 100 ## - ENTRADA PRINCIPAL - NOME PESSOAL | |
| Nome pessoal | Alves-Araújo, Anderson |
| 245 ## - TÍTULO PRINCIPAL | |
| Título principal | Flora of Espírito Santo: Commelinaceae |
| 500 ## - NOTA GERAL | |
| Nota geral | Publicação on-line; Bibliography p. 45-49 (75 ref.); 23 illus.; Summaries (En, Pt) |
| 942 ## - ADDED ENTRY ELEMENTS (KOHA) | |
| Koha item type | Analítica |
| 520 ## - NOTA DE RESUMO | |
| Nota de conteúdo | <br/><br/>Abstract<br/><br/>This work is a part of the Flora do Espírito Santo project. The aim was to morphologically characterize the<br/>species of Commelinaceae occurring in the state of Espírito Santo and provide data on their geographical<br/>distribution, phenology, and comments. Fieldwork and herbarium studies were carried out. A total of 38<br/>species, arranged in 10 genera, were recorded. Dichorisandra is the richest genus (17 species), followed<br/>by Commelina (seven spp.), Tradescantia (four spp.), Siderasis (three spp.), Tripogandra (two spp.), and<br/>Aneilema, Callisia, Floscopa, Gibasis and Tinantia (one species each). Two species are herein described<br/>as new to science, and the synonymization of D. albomarginata is proposed under the older D. procera. <br/>Inflorescence (type and position), stamens (number, color, and anther dehiscence), fruit (shape and<br/>ornamentation), and seeds (ornamentation, the position of the embryotega, and hilum shape) are the key<br/>diagnostic morphological characters for genus and species delimitation. Most of the species richness and<br/>abundance are concentrated in the mountain region of Espírito Santo, one of the largest forest areas in the<br/>state, showing the importance of conserving the remaining Atlantic Forest’s fragments.<br/><br/>Key words: Atlantic Forest, Commelina, Commelinales, Dichorisandra, Neotropical flora.<br/><br/><br/><br/><br/><br/>Resumo<br/><br/>O presente trabalho é parte integrante do projeto Flora do Espírito Santo. O objetivo foi caracterizar<br/>morfologicamente as espécies de Commelinaceae ocorrentes no estado do Espírito Santo e fornecer<br/>dados sobre sua distribuição geográfica, fenologia e comentários. Expedições de coleta e análises de<br/>material de herbário foram realizados, buscando inventariar as espécies ocorrentes no estado. Um total<br/>de 38 espécies em 10 gêneros foram registradas, sendo Dichorisandra o gênero mais representativo em<br/>números de espécies (17 spp.), seguido por Commelina (sete spp.), Tradescantia (quatro spp.), Siderasis<br/>(três spp.), Tripogandra (duas spp.) e Aneilema, Callisia, Floscopa, Gibasis e Tinantia (uma sp. cada).<br/>Duas espécies são aqui descritas como novas para a ciência e, a sinonimização de D. albomarginata sob<br/>D. procera é proposto. Caracteres morfológicos como: inflorescência (tipo e posição), estames (número,<br/>cor e deiscência), fruto (forma e ornamentação) e sementes (ornamentação, posição da embrioteca, e<br/>forma do hilo) são os principais caracteres diagnósticos para delimitação de gênero e espécie. A maior<br/>riqueza e abundância das espécies concentra-se na região serrana do Espírito Santo, uma das maiores<br/>áreas florestais do estado, evidenciando a importância da conservação e preservação dos fragmentos<br/>remanescentes de Mata Atlântica.<br/><br/>Palavras-chave: Floresta Atlântica, Commelina, Commelinales, Dichorisandra, flora Neotropical. |
| 650 ## - ASSUNTO - THESAGRO | |
| Cabeçalho tópico ou nome geográfico | FLORESTA ATLÂNTICA |
| 650 ## - ASSUNTO - THESAGRO | |
| Cabeçalho tópico ou nome geográfico | FLORA |
| 650 ## - ASSUNTO - THESAGRO | |
| Cabeçalho tópico ou nome geográfico | COMMELINA |
| 650 ## - ASSUNTO - THESAGRO | |
| Cabeçalho tópico ou nome geográfico | DISTRIBUIÇÃO GEOGRÁFICA |
| 650 ## - ASSUNTO - THESAGRO | |
| Cabeçalho tópico ou nome geográfico | TAXONOMIA |
| 773 0# - ENTRADA ANALÍTICA | |
| Host Biblionumber | 709 |
| Registro do item | 357916 |
| Imprenta | Rio de Janeiro-RJ Jardim Botanico do Rio de Janeiro 1935 |
| Outro identificador | 2025-5881 |
| Título | Rodriguésia (Brazil) |
| ISSN | 0370-6583; 2175-7860 on-line |
| Colação | v. 73 p. 1-49; (2022) |
| Número de controle de registro | BR2025004404 |
| 856 ## - ACESSO E ENDEREÇO ELETRÔNICO | |
| Identificador uniforme de recurso - URI | https://www.scielo.br/j/rod/a/XTXbX9XqYXYf6CJsRfX3Lkz/?format=pdf&lang=en |
Nenhum exemplar disponível.

BINAGRI